Statistics for Countries with the most people of Korean descent

Click here to take the quiz!

General Stats

  • This quiz has been taken 53 times
  • The average score is 13 of 15

Answer Stats

Answer% Correct
2China
100%
3Japan
98%
13UK
98%
1USA
98%
4Canada
96%
15France
96%
12Germany
96%
7Russia
96%
8Australia
94%
14New Zealand
85%
6Vietnam
83%
11Brazil
75%
10Indonesia
73%
9Kazakhstan
35%
5Uzbekistan
29%

Score Distribution

Percentile by Number Answered

Percent of People with Each Score

Your Score History

You have not taken this quiz